Score 0/30 Timer 07:00
0 Plays Today
Letter City % Correct
FFort Worth, TX
86.2%
GGalveston, TX
77.8%
FFort Lauderdale, FL
77.2%
LLaredo, TX
74%
LLafayette, LA
69.1%
GGulfport, MS
68%
LLubbock, TX
68%
GGainesville, FL
61.5%
GGarland, TX
61%
FFort Myers, FL
52.6%
LLakeland, FL
41.7%
LLake Charles, LA
40.7%
GGrand Prairie, TX
38.5%
FFrisco, TX
32%
LLongview, TX
23.6%
Letter City % Correct
FFlorence, AL
22%
LLewisville, TX
21.4%
GGadsden, AL
19.8%
LLargo, FL
19.8%
GGeorgetown, TX
17.9%
UUvalde, TX
17.1%
FFort Pierce, FL
17.1%
LLeague City, TX
14.9%
FFlower Mound, TX
13%
GGrapevine, TX
11.9%
UUniversity Park, TX
9.5%
UUniversal City, TX
9.5%
FFriendswood, TX
6.5%
FFarmers Branch, TX
4.3%
GGreenacres, FL
3.8%

You're not logged in!

Compare scores with friends on all Sporcle quizzes.
OR
Log In

Sporcle TV

Today on Sporcle TV


Watch our educational content, quiz creation guides, and fun videos on Sporcle TV.

Show Comments

Extras

Top Quizzes Today


Score Distribution

Paid Content

Your Account Isn't Verified!

In order to create a playlist on Sporcle, you need to verify the email address you used during registration. Go to your Sporcle Settings to finish the process.

Report this User

Report this user for behavior that violates our Community Guidelines.

Details: